| 000 | 00344nam a2200133Ia 4500 | ||
|---|---|---|---|
| 008 | 230917s9999||||xx |||||||||||||| ||und|| | ||
| 040 |
_e160388 _aMAIN |
||
| 041 | _aEnglish | ||
| 082 | _a338.4791 M294G | ||
| 100 | _aMalhotra, R K | ||
| 245 | 0 | _aGrowth and development of tourism | |
| 260 |
_aNew Delhi _bAnmol Publications _c351 |
||
| 942 | _cBK | ||
| 999 |
_c130457 _d130457 |
||